Normal view
MARC view
Entry Personal Name
001 - CONTROL NUMBER
- control field: 310042
003 - CONTROL NUMBER IDENTIFIER
- control field: OSt
005 - DATE AND TIME OF LATEST TRANSACTION
- control field: 20220926005319.0
008 - FIXED-LENGTH DATA ELEMENTS
- fixed length control field: 220926|| aca||aabn | a|a d
040 ## - CATALOGING SOURCE
- Original cataloging agency: OSt
- Transcribing agency: OSt
100 ## - HEADING--PERSONAL NAME
- Personal name: MISHRA Aditya Keshari
670 ## - SOURCE DATA FOUND
- Source citation: Work cat.: (OSt)613481: MISHRA Aditya Keshari, Agriculture, technology and Globalization, 2019
